Responses for show #7652 - Tuesday, December 12, 2017

Contestants

[<< previous game]

Sarah Woodring, a crafter from Sturgis, Kentucky

Ian Shin, a professor from Lewiston, Maine

LaKedra Pam, a physician from Baton Rouge, Louisiana (whose 1-day cash winnings total $24,801)

[next game >>]

Jeopardy! Round responses

HOLIDAY SONGS
ANAGRAMMED STATE CAPITALS
GOOD CAUSES
MAN MAKES THE CLOTHES
"DOUBLE" FEATURE
ROBERT SIEGEL SIGNS OFF
(Alex: The long-time host of NPR's All Things Considered is stepping down this January.)
    $200 11
Frosty the Snowman

LaKedra
    $200 6
Salem

LaKedra
    $200 1
(Sarah: What are elephants?)

rhinos

LaKedraSarah
    $200 21
Ralph Lauren

Sarah
    $200 29
[The end-of-round signal sounds.]

double vision

Sarah
    $200 16
the Berlin Wall

LaKedra
    $400 12
"The Chanukah Song"

LaKedra
    $400 7
Phoenix

LaKedra
    $1,000 2
(LaKedra: What is Gallaudet?)

the Braille Institute

LaKedra
    $400 22
(Michael) Kors

Ian
    $400 28
a double sharp

Triple Stumper
    $400 17
Ray Kroc

Ian
    $600 13
(Ian: What are shout and cry?)

cry and pout

LaKedraIan
    $600 8
Madison

LaKedra
    $600 3
the Catholic Charities

Ian
    $600 23
(Alex: Less than a minute now.)

Yves Saint Laurent

Sarah
    $600 27
Double Indemnity

Sarah
    $600 18
the Tehran hostage crisis (or the release of the hostages in Iran)

Ian
    $800 14
the herald angels

LaKedra
    $800 9
Springfield

LaKedra
    $800 4
natural resources

Ian
    $800 26
DoubleTree

Sarah
    $800 19
Macbeth

Triple Stumper
    $1000 15
"I'll Be Home For Christmas"

LaKedra
    $1000 10
[Applause for LaKedra running the category]

Des Moines

LaKedra
    $1000 5
B'nai B'rith

LaKedra
    $1000 24
(Luciano) Benetton

LaKedra
    $1000 25
(Ian: What is doublespeak?)

doublethink

LaKedraIan
    $1000 20
(Alex: And our thanks to Robert Siegel, and we wish him good luck as he leaves All Things Considered.)

Morning Edition

Ian

Scores at the first commercial break (after clue 15):

LaKedra Ian Sarah
$6,200 $800 -$200

Scores at the end of the Jeopardy! Round:

LaKedra Ian Sarah
$8,400 $2,200 $2,200

Double Jeopardy! Round responses

MAMMAL PLANET
____ING ON POETRY
SCENES FROM AN ITALIAN RESTAURANT
"IM" THE LAW
EUROPEAN HISTORY
5, 5
(Alex: Each correct response will be two words, five letters each.)
    $400 11
squirrels

Ian
    $400 3
love

LaKedra
    $400 1
The Godfather

LaKedra
    $400 16
an immigrant

Ian
    $400 10
Renaissance

Sarah
    $800 4
wall

Triple Stumper
    $800 2
Julia Roberts

LaKedra
    $800 17
impeach

LaKedra
    $800 12
Alexandra

Ian
    $800 20
a green thumb

Sarah
    $1200 28
(Ian: What's a beaver?)
...
[The end-of-round signal sounds.]

a groundhog

IanSarah
    $1200 5
Sighs

Ian
    $1200 7
Cher

Ian
    $1200 18
an impartial witness

LaKedra
    $3,000 13
Portugal

Ian
    $1,000 21
a Bowie knife

Sarah
    $1600 27
(Alex: And you can see more of Big Cat Week all this week on Nat Geo WILD.)

a jaguar

Ian
    $1600 6
(Sarah: What is arrow?)
...
(Alex: "Rime of the Ancient Mariner".)

albatross

Sarah
Triple Stumper
    $1600 8
(Sarah: What is Cinema Paradiso?)

Big Night

Sarah
Triple Stumper
    $1600 19
impound

Sarah
    $1600 14
York

Triple Stumper
    $1600 22
a happy place

LaKedra
    $2000 26
brain hemispheres

LaKedra
    $2000 24
Adonais

Triple Stumper
    $2000 9
Do the Right Thing

Ian
    $2000 25
(Alex: We have less than a minute now.)

a victim impact statement

Triple Stumper
    $2000 15
(Sarah: What is Tripoli?)

Anzio

Sarah
Triple Stumper
    $2000 23
a click track

Triple Stumper

Scores at the end of the Double Jeopardy! Round:

LaKedra Ian Sarah
$15,600 $11,600 $2,000

[wagering suggestions for these scores]

Final Jeopardy! Round responses

FRENCH CITIES
(Alex: [To LaKedra] Comes from the Flemish for "church". The Flemish for church is kerk.)
SarahWhat is [illegible]
$1,999
IanWhat is Bordeaux?
$7,599
LaKedraWhat is Normandy?
$7,601
Dunkirk

Final scores:

LaKedra Ian Sarah
$7,999 $4,001 $1
2-day champion: $32,800 2nd place: $2,000 3rd place: $1,000

Game dynamics:

Coryat scores:

LaKedra Ian Sarah
$16,600 $9,800 $2,200
22 R,
1 W
(including 1 DD)
14 R
(including 1 DD),
3 W
10 R
(including 1 DD),
4 W

Combined Coryat: $28,600

The J! Archive is created by fans, for fans. The Jeopardy! game show and all elements thereof, including but not limited to copyright and trademark thereto, are the property of Jeopardy Productions, Inc. and are protected under law. This website is not affiliated with, sponsored by, or operated by Jeopardy Productions, Inc. Join the discussion at JBoard.tv.